[Event "Florianopolis op 6th"]
[Site "Florianopolis"]
[Date "2020.01.23"]
[Round "6"]
[White "Bejarano, Mauricio"]
[Black "Sztokbant, Bernardo Vainzoff"]
[Result "0-1"]
[WhiteElo "1746"]
[BlackElo "2175"]
[PlyCount "52"]
[EventDate "2020.01.20"]
[EventType "swiss"]
[EventRounds "10"]
[EventCountry "BRA"]
[SourceTitle "CBM 194 Extra"]
[Source "ChessBase"]
[SourceDate "2020.03.31"]
[SourceVersion "1"]
[SourceVersionDate "2020.03.31"]
[SourceQuality "1"]

1. c4 e6 2. g3 d5 3. Bg2 Nf6 4. Nf3 Be7 5. 0-0 0-0 6. d4 dxc4 7. Nc3 Nbd7 8. e4 c5 9. Qe2 cxd4 10. Nxd4 Ne5 11. Rd1 Nd3 12. Be3 Qa5 13. Nb3 Qa6 14. Nc1 Nb4 15. Rd4 e5 16. Rxc4 Nc2 17. Nb5 Nxe3 18. fxe3 Bg4 19. Qc2 Qxb5 20. a4 Qb6 21. Nd3 Qxe3+ 22. Kf1 Be6 23. Re1 Ng4 24. Bh3 Qf3+ 25. Kg1 Ne3 26. Qc3 Bxh3 0-1

[Event "Florianopolis op 6th"]
[Site "Florianopolis"]
[Date "2020.01.22"]
[Round "4"]
[White "Bejarano, Mauricio"]
[Black "Lanznaster, Rafael"]
[Result "1-0"]
[WhiteElo "1746"]
[BlackElo "1369"]
[PlyCount "83"]
[EventDate "2020.01.20"]
[EventType "swiss"]
[EventRounds "10"]
[EventCountry "BRA"]
[SourceTitle "CBM 194 Extra"]
[Source "ChessBase"]
[SourceDate "2020.03.31"]
[SourceVersion "1"]
[SourceVersionDate "2020.03.31"]
[SourceQuality "1"]

1. c4 e6 2. e4 d5 3. cxd5 exd5 4. e5 Bc5 5. d4 Bb6 6. Nc3 a6 7. Nf3 Bg4 8. Be2 Ne7 9. Bg5 Nbc6 10. 0-0 Qd7 11. Bxe7 Nxe7 12. h3 Bh5 13. Ng5 Bxe2 14. Qxe2 h6 15. Nxf7 Kxf7 16. Rfe1 Qe6 17. Rad1 Rhf8 18. g4 c6 19. f4 g6 20. Rf1 Ke8 21. Kg2 Kd7 22. Rd3 Kc7 23. b4 Ba7 24. a4 b6 25. Rdf3 Rf7 26. Qxa6 Qc8 27. Qd3 Qg8 28. Rc1 Qf8 29. Kg3 Kb7 30. b5 c5 31. dxc5 bxc5 32. a5 c4 33. a6+ Kc7 34. Nxd5+ Nxd5 35. Qxd5 Rd7 36. Rxc4+ Kd8 37. Qxa8+ Ke7 38. Qxf8+ Kxf8 39. Rfc3 Bb6 40. Rc6 Bd4 41. Rc8+ Ke7 42. R3c7 1-0

[Event "Santa Fe Rafaela U2200 op"]
[Site "Santa Fe"]
[Date "2019.05.04"]
[Round "3.1"]
[White "Bejarano, Mauricio"]
[Black "Lares, Agustin Jose"]
[Result "0-1"]
[WhiteElo "1790"]
[BlackElo "2150"]
[PlyCount "178"]
[EventDate "2019.05.04"]
[EventType "swiss"]
[EventRounds "6"]
[EventCountry "ARG"]
[SourceTitle "EXT 2024"]
[Source "ChessBase"]
[SourceDate "2023.10.10"]
[SourceVersion "1"]
[SourceVersionDate "2023.10.10"]
[SourceQuality "1"]

1. c4 e5 2. g3 Nf6 3. Bg2 Bc5 4. h3 0-0 5. Nc3 Nc6 6. d3 Re8 7. e3 Ne7 8. Nge2 a6 9. 0-0 d5 10. cxd5 Nexd5 11. d4 exd4 12. exd4 Be7 13. Nf4 Nb6 14. a4 Rb8 15. a5 Nc4 16. b3 Nd6 17. Ba3 Bd7 18. Rc1 c6 19. d5 c5 20. Bxc5 Qxa5 21. b4 Qd8 22. Na4 b6 23. Bd4 Nb5 24. Be5 Bd6 25. Bxd6 Nxd6 26. Nc3 Rc8 27. Nd3 Rc4 28. Re1 Qc8 29. Rxe8+ Nfxe8 30. Qe1 Bxh3 31. Ne5 Rc7 32. Nc6 Bxg2 33. Kxg2 Qg4 34. Na4 b5 35. Nc5 Qg5 36. Rd1 a5 37. Nxa5 Re7 38. Qd2 Qg4 39. Re1 Rxe1 40. Qxe1 Qd4 41. Nab3 Qxd5+ 42. Kg1 h5 43. Qd2 Qf3 44. Nd4 Qg4 45. Kh2 Nf6 46. Ncb3 Nc4 47. Qe2 Qd7 48. Nf3 Qd6 49. Nc5 g6 50. Qd3 Qc6 51. Qd8+ Kg7 52. Nd4 Qd6 53. Qxd6 Nxd6 54. Na6 Nd5 55. Kg2 g5 56. Nc2 Kf6 57. Nc5 Ne7 58. Nb3 Ke5 59. Kf3 Nc6 60. Ke3 Nf5+ 61. Kd3 h4 62. gxh4 gxh4 63. Nd2 h3 64. Ke2 Ncd4+ 65. Nxd4 Nxd4+ 66. Kf1 Kd5 67. Kg1 Ne6 68. Kh2 Nf4 69. Kg3 Nd3 70. f3 Nxb4 71. Kxh3 Nc6 72. Kh4 b4 73. Kg5 Ke5 74. Nb3 Nd4 75. f4+ Ke4 76. Nc1 f5 77. Na2 b3 78. Nc3+ Kd3 79. Na4 Ke3 80. Nb2 Ke4 81. Na4 Nf3+ 82. Kf6 Kxf4 83. Nc5 Nd4 84. Nd3+ Ke3 85. Ne5 f4 86. Nc4+ Kd3 87. Nb2+ Ke2 88. Ke5 Ne6 89. Ke4 f3 0-1

[Event "Santa Fe Rafaela U2200 op"]
[Site "Santa Fe"]
[Date "2019.05.04"]
[Round "1.14"]
[White "Bejarano, Mauricio"]
[Black "Schneller, Gabriel"]
[Result "1-0"]
[WhiteElo "1790"]
[BlackElo "1210"]
[PlyCount "63"]
[EventDate "2019.05.04"]
[EventType "swiss"]
[EventRounds "6"]
[EventCountry "ARG"]
[SourceTitle "EXT 2024"]
[Source "ChessBase"]
[SourceDate "2023.10.10"]
[SourceVersion "1"]
[SourceVersionDate "2023.10.10"]
[SourceQuality "1"]

1. e4 c5 2. Nc3 d6 3. Bb5+ Bd7 4. a4 a6 5. Bc4 Nf6 6. f4 Nc6 7. Nf3 g6 8. d3 Bg7 9. 0-0 0-0 10. Kh1 e5 11. fxe5 Nxe5 12. Nxe5 dxe5 13. Bg5 Qb6 14. Bxf6 Qxb2 15. Bxg7 Kxg7 16. Nd5 Bc6 17. Rb1 Qa3 18. Nb6 Rad8 19. Rb3 Qa2 20. Qc1 Bxa4 21. Rc3 Bb3 22. Rxb3 Qa5 23. Nd5 b5 24. Ra3 Qxa3 25. Qxa3 bxc4 26. dxc4 Rb8 27. Qxa6 f5 28. Qa7+ Kh6 29. Nf6 Rh8 30. exf5 gxf5 31. Qxc5 Rhe8 32. Nxe8 1-0

[Event "San Justo op"]
[Site "San Justo"]
[Date "2019.04.14"]
[Round "6.5"]
[White "Bejarano, Mauricio"]
[Black "Cabrera, Damian"]
[Result "1-0"]
[WhiteElo "1808"]
[BlackElo "1573"]
[PlyCount "57"]
[EventDate "2019.04.13"]
[EventType "swiss"]
[EventRounds "6"]
[EventCountry "ARG"]
[SourceTitle "EXT 2024"]
[Source "ChessBase"]
[SourceDate "2023.10.10"]
[SourceVersion "1"]
[SourceVersionDate "2023.10.10"]
[SourceQuality "1"]

1. c4 c5 2. g3 g6 3. Bg2 Bg7 4. Nc3 Nf6 5. e4 d6 6. Nge2 Nc6 7. d3 Bg4 8. h3 Bxe2 9. Nxe2 Qb6 10. 0-0 0-0 11. Rb1 Qc7 12. f4 Rab8 13. Be3 a6 14. g4 b5 15. f5 e5 16. g5 Nd7 17. f6 Bh8 18. h4 Qd8 19. Ng3 Nxf6 20. gxf6 Bxf6 21. Qg4 Bxh4 22. Nf5 Bf6 23. Nh6+ Kg7 24. Rf3 Be7 25. Rbf1 f6 26. Nf5+ Kh8 27. Rh3 Qe8 28. Kf2 gxf5 29. Rxh7+ 1-0

[Event "San Justo op"]
[Site "San Justo"]
[Date "2019.04.13"]
[Round "2.3"]
[White "Bejarano, Mauricio"]
[Black "Castrodeza, Lucia"]
[Result "1-0"]
[WhiteElo "1808"]
[BlackElo "1214"]
[PlyCount "51"]
[EventDate "2019.04.13"]
[EventType "swiss"]
[EventRounds "6"]
[EventCountry "ARG"]
[SourceTitle "EXT 2024"]
[Source "ChessBase"]
[SourceDate "2023.10.10"]
[SourceVersion "1"]
[SourceVersionDate "2023.10.10"]
[SourceQuality "1"]

1. c4 Nf6 2. Nc3 g6 3. g3 Bg7 4. Bg2 0-0 5. e4 d6 6. Nge2 e5 7. d3 Nc6 8. 0-0 Nh5 9. f4 f5 10. Rb1 fxe4 11. dxe4 Be6 12. Nd5 Ne7 13. h3 c6 14. Nxe7+ Qxe7 15. Qd3 Rad8 16. g4 Nxf4 17. Nxf4 exf4 18. Bxf4 Be5 19. Bxe5 dxe5 20. Rxf8+ Qxf8 21. Qc3 Qc5+ 22. Kh2 Qxc4 23. Qxe5 Rf8 24. b3 Qc2 25. Qxe6+ Rf7 26. Rf1 1-0

[Event "Malabrigo op"]
[Site "Malabrigo"]
[Date "2019.02.09"]
[Round "1"]
[White "Salto, Floriana"]
[Black "Bejarano, Mauricio"]
[Result "0-1"]
[WhiteElo "1100"]
[BlackElo "1812"]
[PlyCount "56"]
[EventDate "2019.02.09"]
[EventType "swiss"]
[EventRounds "6"]
[EventCountry "ARG"]
[SourceTitle "CBM 189 Extra"]
[Source "ChessBase"]
[SourceDate "2019.06.03"]
[SourceVersion "1"]
[SourceVersionDate "2019.06.03"]
[SourceQuality "1"]

1. e4 c5 2. Nf3 g6 3. d4 cxd4 4. Nxd4 Bg7 5. Be3 Nc6 6. Nc3 Nf6 7. Nxc6 bxc6 8. Bc4 0-0 9. 0-0 Bb7 10. Be2 d5 11. exd5 Nxd5 12. Nxd5 cxd5 13. Qd2 Qd6 14. Bh6 e5 15. Bxg7 Kxg7 16. f4 e4 17. Qd4+ f6 18. c4 Rfd8 19. Rad1 a5 20. f5 Rac8 21. fxg6 hxg6 22. Kh1 Rh8 23. h3 Rcd8 24. Qa7 Qd7 25. Qxa5 Rxh3+ 26. Kg1 Qd6 27. Qe1 Qh2+ 28. Kf2 e3# 0-1